Five famous fairy tales (Record no. 55742)

MARC details
000 -LEADER
fixed length control field 00717nam a2200265 i 4500
001 - CONTROL NUMBER
control field C2-0240576
003 - CONTROL NUMBER IDENTIFIER
control field PPAK
005 - DATE AND TIME OF LATEST TRANSACTION
control field 20180727203206.0
008 - FIXED-LENGTH DATA ELEMENTS--GENERAL INFORMATION
fixed length control field 020727s2000 xxka|||| ||||| | eng d
020 ## - INTERNATIONAL STANDARD BOOK NUMBER
International Standard Book Number 058242125X
040 ## - CATALOGING SOURCE
Original cataloging agency PPAK
Language of cataloging eng
Transcribing agency PPAK
Description conventions rda
082 04 - DEWEY DECIMAL CLASSIFICATION NUMBER
Classification number 428.6
Edition number 23
090 00 - LOCALLY ASSIGNED LC-TYPE CALL NUMBER (OCLC); LOCAL CALL NUMBER (RLIN)
Classification number (OCLC) (R) ; Classification number, CALL (RLIN) (NR) 428.6
Feature heading ROL
Feature heading K
100 1# - MAIN ENTRY--PERSONAL NAME
Personal name Rollason, Jane,
Relator term author
245 10 - TITLE STATEMENT
Title Five famous fairy tales
264 #1 - PRODUCTION, PUBLICATION, DISTRIBUTION, MANUFACTURE, AND COPYRIGHT NOTICE
Place of production, publication, distribution, manufacture Essex :
Name of producer, publisher, distributor, manufacturer Pearson Education Limited ,
Date of production, publication, distribution, manufacture, or copyright notice 2000
300 ## - PHYSICAL DESCRIPTION
Extent v, 39 pages :
Other physical details colour illustrations ;
Dimensions 20 cm
336 ## - CONTENT TYPE
Source rdacontent
Content type term text
337 ## - MEDIA TYPE
Source rdamedia
Media type term unmediated
338 ## - CARRIER TYPE
Source rdacarrier
Carrier type term volume
490 1# - SERIES STATEMENT
Series statement Penguin readers
650 10 - SUBJECT ADDED ENTRY--TOPICAL TERM
Topical term or geographic name entry element Readers
830 #0 - SERIES ADDED ENTRY--UNIFORM TITLE
Uniform title Penguin readers
942 ## - ADDED ENTRY ELEMENTS (KOHA)
-- dc
Koha item type Book
Holdings
Withdrawn Not for loan Current library Shelving location Date acquired Total Checkouts Full call number Barcode Date last seen Date last checked out Koha item type Total Renewals
    Perpustakaan Alor Setar Pinjaman Kanak-kanak 08/10/2002 1 K 428.6 ROL A01017637 19/10/2019 05/10/2019 Book  
    Perpustakaan Awam Sungai Petani Pinjaman Kanak-kanak 08/10/2002 2 K 428.6 ROL A01017638 30/12/2018 22/12/2018 Book 2
    Perpustakaan Kulim Pinjaman Kanak-kanak 08/10/2002 1 K 428.6 ROL A01017639 18/01/2020 28/12/2019 Book